00973 a2200193 4500001000700000040002200007041001600029082000900045100002700054245007600081250001000157260002100167490001500188520025500203697020000458942000700658952009500665999001900760142472 cLeonardo Da Vinci aPortuguês av214 aEDUCACIONAL SHOP VIDEO aVetoresbo programa computadorizado mostra a geometria sob uma nova luz av.1-2 bESVaSão Paulo aTV Ontario aA definição de um vetor é desenvolvida com vários exemplos. Acrescenta-se ainda vetores com ângulos retos, pelo Teorema de Pitágoras e razão da tangente. Aplica-se os princípios vetoriais ao mundo real através do conceito de força aDesenho GeométricoaGeometriaaTeorema de PitágorasaTangenteaVetoraSiga a flechaaEncontrando o resultanteaPares OrdenadosaResolução sem gráficoaForçaaAplicação de forças cVM 00104070a72.1b72.1d2024-03-27l0ov214pA0234LVAr2024-03-27 22:46:58w2024-03-27yVM c142472d142472